Development of an eco-friendly generator (Record no. 74666)
[ view plain ]
| 000 -LEADER | |
|---|---|
| fixed length control field | 02960nam a22003137i 4500 |
| 003 - CONTROL NUMBER IDENTIFIER | |
| control field | URS |
| 003 - CONTROL NUMBER IDENTIFIER | |
| control field | URS |
| 005 - DATE AND TIME OF LATEST TRANSACTION | |
| control field | 20240416181557.0 |
| 008 - FIXED-LENGTH DATA ELEMENTS--GENERAL INFORMATION | |
| fixed length control field | 170627b xxu||||| |||| 00| 0 eng d |
| 040 ## - CATALOGING SOURCE | |
| Original cataloging agency | URS |
| Language of cataloging | eng |
| Description conventions | rda |
| 041 ## - LANGUAGE CODE | |
| Language code of text/sound track or separate title | eng |
| 050 00 - LIBRARY OF CONGRESS CALL NUMBER | |
| Classification number | TK 1141 |
| Item number | .D494 2015 |
| 245 ## - TITLE STATEMENT | |
| Title | Development of an eco-friendly generator |
| Statement of responsibility, etc. | Rogemar D. Lingas... [et.al]. |
| 260 ## - PUBLICATION, DISTRIBUTION, ETC. | |
| Date of publication, distribution, etc. | 2015 |
| 300 ## - PHYSICAL DESCRIPTION | |
| Extent | 61 leaves : |
| Other physical details | illustrations ; |
| Dimensions | 28 cm. |
| 336 ## - CONTENT TYPE | |
| Content type term | text |
| Content type code | txt |
| Source | rdacontent |
| 337 ## - MEDIA TYPE | |
| Media type term | unmediated |
| Media type code | n |
| Source | rdamedia |
| 338 ## - CARRIER TYPE | |
| Carrier type term | volume |
| Carrier type code | nc |
| Source | rdacarrier |
| 502 ## - DISSERTATION NOTE | |
| Degree type | Thesis (Bachelor of Technology major in Electrical Technology) -- University of Rizal System-Morong. |
| 520 ## - SUMMARY, ETC. | |
| Summary, etc. | EXECUTIVE SUMMARY: This study aimed to contribute in science and technology particularly the area of industrial technology. This project entitled development of an eco-friendly generator that can be used as a portable AC supply when needed. This study made use of the developmental research method. The developmental research is a research method based on the systematic development of an existing project. There are two groups of respondents who have evaluated the project. There are the technology experts and end-users. Based in the intensified treatment of data gathered it was found out that the development of an eco-friendly generator is constructed and developed out of locally available materials. The respondents revealed that the device is extremely accepted in terms of design, usefulness, functionality and safety and maintenance. As to the significant difference between the evaluations made by the Electrical Technology experts and students on the acceptability of development of an eco-friendly generator in terms of the aforementioned variables, the findings revealed that there is no significant difference between the evaluation of the electrical technology experts and students in terms of the above mentioned variables. Relative to this, it is concluded that the device produce its desired output in terms of the design and functionality of parts. It is also carried out the expenses performance in terms of its usefulness and safety and maintenance. Based on the results of the study, it is recommended that the device should use another dynamo as driver instead of a motor. High ampere rating for the battery to have it long lasting. Other researchers may conduct further study to improve the device. Improve the design for better performance and effectiveness. Further study can be done for the improvement of the study in the near future to improve the function of the device. |
| 650 ## - SUBJECT ADDED ENTRY--TOPICAL TERM | |
| Topical term or geographic name entry element | Electric currents. |
| 650 ## - SUBJECT ADDED ENTRY--TOPICAL TERM | |
| Topical term or geographic name entry element | Electric, apparatus and appliances. |
| 700 1# - ADDED ENTRY--PERSONAL NAME | |
| Personal name | Giva, Jeffrey |
| Relator term | author |
| 700 1# - ADDED ENTRY--PERSONAL NAME | |
| Personal name | Zapeda, Oliver S. |
| Relator term | author |
| 700 1# - ADDED ENTRY--PERSONAL NAME | |
| Personal name | Laureta, Mark Jalbert T. |
| Relator term | author |
| 700 1# - ADDED ENTRY--PERSONAL NAME | |
| Personal name | Piguing, Aldriane A. |
| Relator term | author |
| 856 ## - ELECTRONIC LOCATION AND ACCESS | |
| Materials specified | Online Request for Student Unpublished Works |
| Uniform Resource Identifier | <a href="https://forms.gle/7LqvGGkaDrUQqz429">https://forms.gle/7LqvGGkaDrUQqz429</a> |
| 942 ## - ADDED ENTRY ELEMENTS (KOHA) | |
| Source of classification or shelving scheme | Library of Congress Classification |
| Koha item type | Theses and dissertations |
No items available.